Top 10 Most Hindu Countries - Statistics

General Stats
  • This quiz has been taken 197 times
  • The average score is 6 of 10
Answer Stats
% Answer % Correct
79.8 India
99%
81.3 Nepal
95%
12.6 Sri Lanka
81%
23.8* Bhutan
76%
48.5 Mauritius
42%
30.35* Fiji
40%
24.83 Guyana
38%
24.85* Suriname
34%
13.8 Qatar
28%
22.5 Trinidad and Tobago
28%
No matching quizzes found
Score Distribution
Percent of People with Each Score
Percentile by Number Answered
Your Score History
You have not taken this quiz